Statistics for Natural - Imagine Dragons lyrics

Click here to take the quiz!

General Stats

  • This quiz has been taken 350 times
  • The average score is 231 of 316

Answer Stats

Answer% Correct
you
97%
You
97%
a
95%
A
95%
the
94%
I
92%
natural
92%
Natural
92%
of
92%
be
89%
In
87%
in
87%
To
87%
to
87%
your
87%
it
86%
so
85%
this
85%
cold
82%
heart
82%
make
82%
you're
82%
stone
81%
world
81%
me
80%
Yeah
80%
And
79%
and
79%
up
79%
Will
78%
'cause
77%
'Cause
77%
ever
77%
on
77%
When
76%
gotta
75%
hold
75%
line
75%
is
72%
prey
72%
price
72%
away
71%
pay
71%
than
71%
That's
71%
hunter
70%
Just
70%
Rather
70%
beating
68%
mine
68%
another
67%
house
67%
i'm
66%
I'm
66%
product
66%
today
66%
cast
65%
everyone
65%
face
65%
Living
65%
standing
65%
edge
64%
life
64%
tell
64%
behind
63%
Leave
62%
them
62%
strong
61%
We
60%
Gonna
58%
gonna
58%
are
57%
us
57%
giving
56%
stars
56%
or
55%
Cut
54%
Nothing
54%
consequence
52%
somebody
52%
align
51%
can
51%
inside
51%
comes
50%
end
50%
see
50%
without
50%
cutthroat
49%
Deep
49%
fading
49%
from
49%
my
49%
sin
48%
black
47%
truth
47%
blood
46%
dark
46%
save
46%
stands
46%
cost
45%
Let
45%
our
45%
happening
44%
light
44%
step
44%
taste
44%
What's
44%
bit
43%
break
43%
heaven
43%
swear
43%
won't
43%
youth
43%
by
42%
hand
42%
Took
42%
trees'
41%
past
38%
through
37%
Lookin'
35%
wrong
35%
oath
34%
within
34%
find
32%
glass
32%
knowin'
32%
peace
29%
until
25%
bleeds
24%
heartache
21%
shadows
21%
facing
18%
near
11%

Score Distribution

Percentile by Number Answered

Percent of People with Each Score

Your Score History

You have not taken this quiz